000 01094cam a22002897a 4500
999 _c26525
_d26525
001 15313576
003 OSt
005 20170204145910.0
008 080603s2008 nyuae b 001 0 eng d
010 _a 2007904558
020 _a9780500342381 (hbk.)
035 _a(OCoLC)ocn227814798
040 _aJNA
_cJNA
_dDLC
042 _alccopycat
043 _aas-----
050 0 0 _aNA1511
_b.R63 2008
082 0 0 _a720.95909/0511
_222
100 1 _aRobson, David G.
245 1 0 _aBeyond Bawa /
_cDavid Robson ; with photographys by Richard Powers.
260 _aNew York :
_bThames & Hudson,
_c2008.
300 _a264 p. :
_bill. (some col.), plans ;
_c29 cm.
504 _aIncludes bibliographical references (p. 260-262) and index.
600 1 0 _aBawa, Geoffrey,
_d1919-2003.
650 0 _aArchitecture
_zSoutheast Asia
_xHistory
_y21st century.
700 1 _aBawa, Geoffrey,
_d1919-2003.
906 _a7
_bcbc
_ccopycat
_d2
_encip
_f20
_gy-gencatlg
942 _2lcc
_cBOOKS
_hNA 1511 .R63 2008